Кримінальна відповідальність особи за вчинення злочину при виконанні спеціального завдання з попередження чи розкриття злочинної діяльності організованої групи чи злочинної організації (Запис № 571076)
[ простий вигляд ]
| 000 -Лідер | |
|---|---|
| fixed length control field | 02385nam a22002417a 4500 |
| 003 - Ідентифікатор контрольного номера | |
| control field | UA-OsUOA |
| 005 - Дата та час останнього входження (трансакції) | |
| control field | 20210803123850.0 |
| 008 - Елементи даних фіксованої довжини – загальна інформація | |
| fixed length control field | 210803b un ||||| |||| 00| 0 ukr d |
| 040 ## - Джерело каталогізації | |
| Агенція оригінальної каталогізації | UA-OsUOA |
| Мова каталогізації | ukr |
| Агенція, яка здійснювала перезапис | UA-OsUOA |
| Агенція, яка здійснювала модифікацію | UA-OsUOA |
| 041 ## - Код мови | |
| Код мови тексту/ звукової доріжки чи окремого заголовка (П) | ukr |
| 080 ## - Індекс Універсальної десяткової класифікації | |
| Індекс Універсальної десяткової класифікації (УДК) (НП) | 343.3/.7 |
| 090 ## - Локальний шифр розміщення | |
| Класифікаційний індекс УДК | 343.3/.7 |
| 095 ## - Код спеціальності для авторефератів | |
| Код спеціальності | 12.00.08 |
| Назва спеціальності | кримінальне право та кримінологія ; кримінально-виконавче право |
| 100 ## - Основне введення – ім’я особи | |
| Ім’я особи (НП) | Абакумова Ю. В. |
| 245 ## - Відомості про назву | |
| Назва (НП) | Кримінальна відповідальність особи за вчинення злочину при виконанні спеціального завдання з попередження чи розкриття злочинної діяльності організованої групи чи злочинної організації |
| Дані про відповідальність (НП) | Абакумова Юлія Вікторівна ; наук. керівник Баулін Юрій Васильович |
| 260 ## - Публікація, розповсюдження і т.п. (Вихідні дані) | |
| Місце публікації, розповсюдження і т.п. (П) | Харків |
| Дата публікації, розповсюдження і т.п. (П) | 2007 |
| 300 ## - Фізичний опис | |
| Обсяг | 23 с. |
| 502 ## - Примітка про дисертацію | |
| Зв'язок | Автореферат дисертації на здобуття наукового ступеня кандидата юридичних наук<br/> |
| Наймення інституції, що представляється | Національна юридична академія України імені Ярослава Мудрого |
| Рік отримання вченого ступеня | 2007 |
| 520 ## - Резюме і т.п. | |
| Резюме, реферат, анотація, тощо (НП) | Дисертація присвячена проблемам кримінальної відповідальності за злочини, вчинені при перевищенні меж правомірного заподіяння шкоди при виконанні спеціального завдання. Розглядаються загальні питання щодо правової природи вчинення злочинів при виконанні спеціального завдання, коло таких злочинів та особливості кримінальної відповідальності за їх вчинення. Сформульовані пропозиції щодо вдосконалення відповідних положень чинного кримінального законодавства України та практики його застосування. |
| 650 ## - Додаткове предметне введення – тематичний термін | |
| Джерело заголовка чи терміна | UDC |
| Тематичний термін чи географічна назва, як елемент введення (НП) | 343 Кримінальне право. Карні порушення |
| 942 ## - Додаткові елементи входу (Коха) | |
| Source of classification or shelving scheme | Universal Decimal Classification |
| Тип елемента Koha | Автореферат |
| 955 ## - Код типу видання за змістом | |
| Код типу видання за змістом (НП) | Наукові видання |
Немає доступних примірників.